000 00379nam a2200109Ia 4500
008 220214s9999 xx 000 0 und d
100 _aTreloar LRG
245 4 _aThe Elasticity of a network of long-chain molecules.1 (British Rubber Producers Research Association Publication No 30)
260 _bTransactions of the Faraday Society, No.258
_c1943
300 _a36-41
942 _cRE
999 _c45936
_d45936